000 01492nem0a2200337 4500
001 RU\NLR\cart\5455
005 20250617204352.0
035 _a(NLR Aleph) 004275560
090 _a2306160
_c2306160
100 _a20090423d2008 |||y0rusy50 ca
101 0 _arus
102 _aRU
120 _ab y xx||
123 1 _aa
_b930 000
200 1 _aКраснодарский край. Республика Адыгея
_bКарты
_fПодгот. к изд. ООО "Ин-т проектирования культуры" в 2008 г.
_gОтв. ред. В. П. Заворин
206 _a1:930 000, 9,3 км в 1 см
210 _aАрмавир
_cИн-т проектирования культуры
_d2008
215 _a2 к. (1 л.)
_cцв., указ.
_d24х68 см, слож. 24х12 см
300 _aНа обороте л.: Новороссийск: План.-1:20 500
309 _aДвусторон. печать
464 0 _150900$aАдыгея,$gреспублика$3RU\NLR\auth_crt\55228
509 0 1 _7ca
_aКраснодарский край
_92633413
_3RU\NLR\auth_crt\55231
509 0 1 _7ca
_aАдыгея,
_gреспублика
_92633410
_3RU\NLR\auth_crt\55228
606 0 _aАвтомобильные дороги
_jКарты
_92177711
_3RU\NLR\auth_crt\663
620 _aРоссия
702 1 _aЗаворин
_bВ. П.
_4340
801 0 _aRU
_bNLR
_c20090423
_gPSBO
852 _aNLR
_bK
_j4-План 2/2174
_m08-261
_t08-261а
942 _cMAP
980 _aNB